[Event "58th Hastings it"]
[Site "Hastings ENG"]
[Date "1983.01.07"]
[Round "9"]
[White "Tukmakov, Vladimir"]
[WhiteTitle "GM"]
[WhiteElo "2555"]
[Black "Kovacevic, Vlatko"]
[BlackTitle "GM"]
[BlackElo "2560"]
[Result "0-1"]
[PlyCount "78"]
[EventDate "1982.12.28"]

1. c4 e6 2. d4 d5 3. Nf3 Nf6 4. Nc3 Bb4 5. Bg5 Nbd7 6. cxd5 exd5 7. e3 c5 8. Bd3 c4 9. Bf5 Qa5 10. Qc2 O-O 11. O-O Re8 12. Nd2 g6 13. Bh3 Kg7 14. a3 Bxc3 15. Qxc3 Qxc3 16. bxc3 b5 17. Rfb1 a6 18. a4 h6 19. Bxf6+ Nxf6 20. Bxc8 Rexc8 21. f3 Rcb8 22. Kf2 bxa4 23. Rxb8 Rxb8 24. Ke2 Ne8 25. Rxa4 Nc7 26. Kd1 f5 27. Kc2 g5 28. e4 fxe4 29. fxe4 Rf8 30. exd5 Nxd5 31. Nxc4 Rf2+ 32. Kd3 Rxg2 33. Ne3 Nxe3 34. Kxe3 Rxh2 35. Ke4 Rf2 36. Rxa6 g4 37. c4 h5 38. c5 g3 39. Ke3 Rf8 {Source: Informator 35/509} 0-1

[Event "58th Hastings it"]
[Site "Hastings ENG"]
[Date "1983.01.08"]
[Round "10"]
[White "Hebden, Mark"]
[WhiteElo "2415"]
[Black "Ftacnik, Lubomir"]
[BlackTitle "GM"]
[BlackElo "2535"]
[Result "1/2-1/2"]
[PlyCount "57"]
[EventDate "1982.12.28"]

1. e4 c5 2. f4 g6 3. Nf3 Bg7 4. g3 Nc6 5. Bg2 e6 6. c3 Nge7 7. Na3 d5 8. e5 d4 9. cxd4 cxd4 10. d3 O-O 11. O-O Nf5 12. Qe2 Nb4 13. Ne1 f6 14. Nc4 Nd5 15. Nc2 b5 16. exf6 Bxf6 17. Ne5 Bb7 18. Bd2 Qe7 19. Rfe1 Rfe8 20. Qf2 Qc5 21. Nd7 Qc7 22. Nxf6+ Nxf6 23. Ba5 Qxa5 24. Bxb7 Rad8 25. Bf3 Nd5 26. Bxd5 Rxd5 27. Re4 Qd8 28. Rae1 Qd6 29. g4 1/2-1/2

[Event "58th Hastings it"]
[Site "Hastings ENG"]
[Date "1983.01.08"]
[Round "10"]
[White "Kovacevic, Vlatko"]
[WhiteTitle "GM"]
[WhiteElo "2560"]
[Black "Mestel, Andrew Jonathan"]
[BlackTitle "IM"]
[BlackElo "2540"]
[Result "1/2-1/2"]
[PlyCount "114"]
[EventDate "1982.12.28"]

1. d4 d6 2. c3 e5 3. e4 Be7 4. Nf3 Nf6 5. Nbd2 Nbd7 6. Bc4 O-O 7. O-O c6 8. Bb3 h6 9. Re1 Re8 10. Nf1 Bf8 11. Ng3 Qc7 12. Nh4 Nb6 13. Nhf5 d5 14. Qf3 Nxe4 15. Nxe4 dxe4 16. Rxe4 Bxf5 17. Qxf5 exd4 18. Bf4 Qd7 19. Qxd7 Nxd7 20. Rxe8 Rxe8 21. cxd4 Nf6 22. Kf1 Rd8 23. h3 Nd5 24. Be5 Bb4 25. g4 Kf8 26. Rd1 f6 27. Bg3 Bd6 28. Bxd5 cxd5 29. Kg2 Bxg3 30. Kxg3 Rc8 31. Rd3 Kf7 32. Rb3 b6 33. Ra3 a5 34. Rb3 Rc4 35. Rxb6 Rxd4 36. Rb7+ Kg6 37. h4 h5 38. gxh5+ Kh6 39. f3 a4 40. b3 axb3 41. axb3 Kxh5 42. Rxg7 Rb4 43. Rd7 Rb5 44. Rd6 Kg6 45. Kg4 Rxb3 46. h5+ Kg7 47. Rxd5 Rb6 48. Rd7+ Kh6 49. Rf7 Rb4+ 50. f4 Rb6 51. Kf5 Rb5+ 52. Kxf6 Kxh5 53. f5 Rb6+ 54. Kg7 Kg5 55. f6 Ra6 56. Rf8 Rb6 57. f7 Rg6+ 1/2-1/2

[Event "58th Hastings it"]
[Site "Hastings ENG"]
[Date "1983.01.08"]
[Round "10"]
[White "Littlewood, Paul Edwin"]
[WhiteTitle "IM"]
[WhiteElo "2465"]
[Black "Short, Nigel David"]
[BlackTitle "IM"]
[BlackElo "2485"]
[Result "1/2-1/2"]
[PlyCount "77"]
[EventDate "1982.12.28"]

1. d4 Nf6 2. c4 e6 3. Nf3 b6 4. e3 Bb7 5. Bd3 Be7 6. O-O c5 7. b3 O-O 8. Bb2 a6 9. Nbd2 d6 10. Qe2 Nbd7 11. Rfd1 Re8 12. Nf1 Nf8 13. Ng3 Ng6 14. a4 cxd4 15. Nxd4 d5 16. Rac1 Bc5 17. Nh5 Nxh5 18. Qxh5 dxc4 19. bxc4 Qc7 20. Nb3 e5 21. Bf5 Nf8 22. Qg4 Rad8 23. Be4 Rxd1+ 24. Rxd1 Bc8 25. Qf3 Bd7 26. Nxc5 bxc5 27. Bd5 Ne6 28. Qe4 Nd8 29. h4 Nc6 30. Qf3 Re7 31. h5 h6 32. Bc3 Nb4 33. Be4 a5 34. Rd2 Kf8 35. Qd1 Ke8 36. Rd6 Re6 37. Rd2 Re7 38. Rd6 Re6 39. Rd2 1/2-1/2

[Event "58th Hastings it"]
[Site "Hastings ENG"]
[Date "1983.01.08"]
[Round "10"]
[White "Murey, Yaacov"]
[WhiteTitle "IM"]
[WhiteElo "2500"]
[Black "Vaganian, Rafael"]
[BlackTitle "GM"]
[BlackElo "2550"]
[Result "0-1"]
[PlyCount "118"]
[EventDate "1982.12.28"]

1. e4 e6 2. d4 d5 3. Nc3 Bb4 4. e5 b6 5. Qg4 Bf8 6. a4 Ne7 7. Nf3 Ba6 8. Nb5 Ng6 9. Ng5 Qd7 10. h4 c6 11. h5 Nxe5 12. dxe5 cxb5 13. Bd3 Nc6 14. Nxh7 Nxe5 15. Nxf8 Kxf8 16. Qb4+ Kg8 17. Be2 d4 18. Bf4 d3 19. Bxe5 dxe2 20. Qg4 Rh7 21. h6 Rd8 22. Qxe2 f6 23. Bf4 e5 24. Be3 Qb7 25. axb5 Qxg2 26. Qc4+ Rd5 27. Rf1 Bxb5 28. Qc8+ Kf7 29. c4 Rc5 30. Bxc5 Bxc4 31. Rxa7+ Kg6 32. Qe8+ Kg5 33. f4+ Kxh6 34. Rf2 Qg1+ 35. Kd2 bxc5 36. Kc3 Qxf2 37. Kxc4 Qxf4+ 38. Kd5 Qd4+ 39. Kc6 c4 40. Ra3 c3 41. bxc3 Qc4+ 42. Kd6 g6 43. Ra4 Qd3+ 44. Ke6 Kg5 45. Qc6 Qh3+ 46. Kd6 Rh8 47. Ra1 Rc8 48. Rg1+ Kh6 49. Qb7 e4 50. Ke7 Rg8 51. Qc6 Rg7+ 52. Kf8 Kh7 53. Rb1 Qh6 54. Ke8 f5 55. c4 g5 56. Qd5 Qg6+ 57. Kd8 Qf6+ 58. Kc8 Qf8+ 59. Qd8 Qc5+ {Sources: CHESS, January 1983, Vol.47/891-2, p240; (moves 21-37) BCM, March 1983, p86; Informator 35/387} 0-1

[Event "58th Hastings it"]
[Site "Hastings ENG"]
[Date "1983.01.08"]
[Round "10"]
[White "Plaskett, Harold James"]
[WhiteTitle "IM"]
[WhiteElo "2430"]
[Black "Henley, Ron"]
[BlackTitle "IM"]
[BlackElo "2525"]
[Result "1-0"]
[PlyCount "77"]
[EventDate "1982.12.28"]

1. d4 Nf6 2. c4 g6 3. Nc3 d5 4. Nf3 Bg7 5. e3 O-O 6. b4 Be6 7. c5 Ne4 8. Bb2 c6 9. h3 Nd7 10. Bd3 a5 11. a3 axb4 12. axb4 Rxa1 13. Qxa1 Nxc3 14. Bxc3 Bf5 15. Bxf5 gxf5 16. Qa7 Qa8 17. Qxa8 Rxa8 18. Ke2 Ra2+ 19. Nd2 b6 20. b5 Nxc5 21. bxc6 Ne4 22. Bb4 Rc2 23. Ra1 Bf6 24. Ra8+ Kg7 25. Rc8 Nxd2 26. Bxd2 Rc4 27. c7 Rc6 28. g4 fxg4 29. hxg4 h6 30. Bb4 Bh4 31. f4 Kh7 32. g5 e6 33. Bd6 Rxd6 34. Rh8+ Kxh8 35. c8=Q+ Kg7 36. gxh6+ Kg6 37. Qg8+ Kf5 38. Qxf7+ Bf6 39. Kf3 1-0

[Event "58th Hastings it"]
[Site "Hastings ENG"]
[Date "1983.01.09"]
[Round "11"]
[White "Farago, Ivan"]
[WhiteTitle "GM"]
[WhiteElo "2490"]
[Black "Hebden, Mark"]
[BlackElo "2415"]
[Result "1-0"]
[PlyCount "87"]
[EventDate "1982.12.28"]

1. Nf3 Nf6 2. c4 g6 3. Nc3 Bg7 4. d4 d6 5. e4 O-O 6. Be2 e5 7. O-O Nc6 8. d5 Ne7 9. Nd2 c5 10. dxc6 bxc6 11. b4 a6 12. Nb3 Rb8 13. a3 d5 14. Bg5 d4 15. Bxf6 Bxf6 16. Na4 Bg5 17. Nb2 f5 18. Nc5 Qd6 19. Nbd3 Kh8 20. Rb1 Ng8 21. a4 Nh6 22. b5 axb5 23. cxb5 cxb5 24. axb5 Nf7 25. Qb3 Bd8 26. f3 Bb6 27. Rfc1 Qf6 28. Kh1 Re8 29. Qd5 Rd8 30. Qc6 Nd6 31. Na6 Rb7 32. Ndc5 Bxc5 33. Nxc5 Rf7 34. b6 Nxe4 35. Nxe4 Qxc6 36. Rxc6 fxe4 37. Bc4 Re7 38. fxe4 Bb7 39. Rc7 Rdd7 40. Bd5 Rxc7 41. bxc7 Rxc7 42. Bxb7 d3 43. Ba6 d2 44. Rd1 {Source: Informator 35/721} 1-0

[Event "58th Hastings it"]
[Site "Hastings ENG"]
[Date "1983.01.09"]
[Round "11"]
[White "Ftacnik, Lubomir"]
[WhiteTitle "GM"]
[WhiteElo "2535"]
[Black "Littlewood, Paul Edwin"]
[BlackTitle "IM"]
[BlackElo "2465"]
[Result "1/2-1/2"]
[PlyCount "109"]
[EventDate "1982.12.28"]

1. Nf3 Nf6 2. c4 g6 3. Nc3 Bg7 4. d4 O-O 5. e4 d6 6. Be2 e5 7. O-O Nc6 8. d5 Ne7 9. Ne1 Nd7 10. Nd3 f5 11. Bd2 Nf6 12. f3 Kh8 13. Rc1 c6 14. b4 b5 15. dxc6 bxc4 16. Nb2 Nxc6 17. Nxc4 Nd4 18. Be3 Ba6 19. a4 Rc8 20. b5 Bb7 21. Bd3 Re8 22. a5 Re7 23. Qa4 fxe4 24. fxe4 d5 25. Nxe5 dxe4 26. Qxd4 exd3 27. a6 Ba8 28. Nc6 Bxc6 29. bxc6 Qxd4 30. Bxd4 Rxc6 31. Rcd1 Ng8 32. Bxg7+ Kxg7 33. Rxd3 Rxa6 34. Rfd1 Nf6 35. Nd5 Nxd5 36. Rxd5 Ra2 37. Rd7 Rae2 38. Rxe7+ Rxe7 39. Ra1 Kf6 40. Kf2 Ke5 41. Kg3 Kd6 42. Kg4 Kc6 43. Kg5 Kb6 44. Rb1+ Kc7 45. Ra1 Kb7 46. Rb1+ Ka8 47. Kf6 Re2 48. Rg1 a6 49. h4 Ka7 50. g4 Rh2 51. Kg5 a5 52. h5 gxh5 53. gxh5 Rc2 54. Kh6 Rc7 55. Rg7 {Source: Informator 35/724} 1/2-1/2

[Event "58th Hastings it"]
[Site "Hastings ENG"]
[Date "1983.01.09"]
[Round "11"]
[White "Henley, Ron"]
[WhiteTitle "IM"]
[WhiteElo "2525"]
[Black "Murey, Yaacov"]
[BlackTitle "IM"]
[BlackElo "2500"]
[Result "0-1"]
[PlyCount "62"]
[EventDate "1982.12.28"]

1. d4 e6 2. c4 f5 3. g3 Nf6 4. Bg2 Bb4+ 5. Nd2 O-O 6. Ngf3 a5 7. O-O Nc6 8. Nb1 Be7 9. d5 Nb4 10. Nc3 Na6 11. dxe6 dxe6 12. Bf4 Qe8 13. Nb5 c6 14. Nc7 Nxc7 15. Bxc7 Qh5 16. Bd6 Rd8 17. Bxe7 Rxd1 18. Rfxd1 Nd7 19. Rd2 e5 20. Rad1 e4 21. Ne1 Qf7 22. Bg5 h6 23. Be3 Kh7 24. f3 Ne5 25. b3 a4 26. Rd8 axb3 27. axb3 Qe7 28. Bh3 exf3 29. Rxc8 Ng4 30. Bxg4 Qxe3+ 31. Kh1 fxg4 0-1

[Event "58th Hastings it"]
[Site "Hastings ENG"]
[Date "1983.01.09"]
[Round "11"]
[White "Lein, Anatoly"]
[WhiteTitle "GM"]
[WhiteElo "2480"]
[Black "Kovacevic, Vlatko"]
[BlackTitle "GM"]
[BlackElo "2560"]
[Result "0-1"]
[PlyCount "82"]
[EventDate "1982.12.28"]

1. d4 d5 2. c4 e6 3. Nf3 Nf6 4. Nc3 Bb4 5. cxd5 exd5 6. Bg5 c5 7. g3 cxd4 8. Nxd4 Qa5 9. Bd2 Nc6 10. Nb3 Qd8 11. Bg2 O-O 12. O-O Re8 13. Bg5 Bxc3 14. bxc3 Bg4 15. Re1 h6 16. Bxf6 Qxf6 17. Rc1 Re7 18. Nd4 Rae8 19. Rc2 Nxd4 20. cxd4 h5 21. h3 Bf3 22. Bxf3 Qxf3 23. exf3 Rxe1+ 24. Qxe1 Rxe1+ 25. Kg2 b5 26. Rc5 a6 27. a4 b4 28. Rxd5 Re8 29. Rc5 b3 30. Rc1 b2 31. Rb1 Rb8 32. Kf1 Kf8 33. Ke2 Ke7 34. Kd3 Kd6 35. a5 Kd5 36. Kc3 g5 37. h4 gxh4 38. gxh4 f5 39. Kc2 f4 40. Kc3 Rb5 41. Kc2 Kxd4 0-1

[Event "58th Hastings it"]
[Site "Hastings ENG"]
[Date "1983.01.09"]
[Round "11"]
[White "Mestel, Andrew Jonathan"]
[WhiteTitle "IM"]
[WhiteElo "2540"]
[Black "Plaskett, Harold James"]
[BlackTitle "IM"]
[BlackElo "2430"]
[Result "1/2-1/2"]
[PlyCount "114"]
[EventDate "1982.12.28"]

1. g3 g6 2. Bg2 Bg7 3. e4 d6 4. d4 Nf6 5. Ne2 O-O 6. O-O Nbd7 7. h3 e5 8. Be3 exd4 9. Bxd4 c6 10. a4 b6 11. Nbc3 Bb7 12. Be3 Qe7 13. g4 Ne5 14. f4 Ned7 15. Qd2 Rfe8 16. Rad1 Nc5 17. Bxc5 dxc5 18. g5 Nh5 19. e5 h6 20. h4 Rad8 21. Qe3 Qe6 22. Bh3 Qc4 23. b3 Qb4 24. Ne4 c4 25. Nd6 cxb3 26. c3 Qxd6 27. Rxd6 Rxd6 28. Rb1 c5 29. c4 Nxf4 30. Nxf4 Rxe5 31. Qxb3 hxg5 32. Nd5 Bxd5 33. cxd5 Rdxd5 34. Rd1 c4 35. Qc2 c3 36. Bg2 Rxd1+ 37. Qxd1 gxh4 38. Qd8+ Bf8 39. Qd3 h3 40. Qxc3 Bc5+ 41. Kh2 hxg2 42. Kxg2 Re2+ 43. Kh1 Re4 44. Qc2 Re5 45. Qd3 Bf8 46. Qd7 Ra5 47. Qc6 a6 48. Kg2 b5 49. axb5 axb5 50. Qd5 Kg7 51. Kh2 Be7 52. Kg2 Bf6 53. Kh2 Bc3 54. Kg2 Bf6 55. Kh2 Kg8 56. Kg2 Be7 57. Kh2 Bf8 1/2-1/2

[Event "58th Hastings it"]
[Site "Hastings ENG"]
[Date "1983.01.09"]
[Round "11"]
[White "Short, Nigel David"]
[WhiteTitle "IM"]
[WhiteElo "2485"]
[Black "Tukmakov, Vladimir"]
[BlackTitle "GM"]
[BlackElo "2555"]
[Result "1-0"]
[PlyCount "65"]
[EventDate "1982.12.28"]

1. e4 c5 2. Nf3 d6 3. d4 cxd4 4. Nxd4 Nf6 5. Nc3 Nc6 6. g3 Bg4 7. f3 Bd7 8. Be3 e6 9. Qd2 a6 10. g4 b5 11. g5 Nh5 12. O-O-O Rc8 13. Nxc6 Rxc6 14. Bh3 h6 15. gxh6 gxh6 16. Rhg1 Bg7 17. Ne2 Qe7 18. Kb1 Kd8 19. Nc1 Kc8 20. Nd3 Rd8 21. Qa5 Kb7 22. Nb4 Rdc8 23. Nxc6 Rxc6 24. a4 Qf6 25. Bd4 Qxd4 26. Rxd4 Bxd4 27. axb5 Rb6 28. bxa6+ Ka7 29. Qxh5 Rxb2+ 30. Kc1 Ba4 31. Qxf7+ Kxa6 32. Bf1+ Kb6 33. Bd3 {Sources: BCM, March 1983, p85; Informator 35/254} 1-0

[Event "58th Hastings it"]
[Site "Hastings ENG"]
[Date "1983.01.09"]
[Round "11"]
[White "Vaganian, Rafael"]
[WhiteTitle "GM"]
[WhiteElo "2550"]
[Black "Gurevich, Dmitry"]
[BlackTitle "IM"]
[BlackElo "2510"]
[Result "1-0"]
[PlyCount "89"]
[EventDate "1982.12.28"]

1. Nf3 Nf6 2. c4 c5 3. Nc3 e6 4. g3 b6 5. Bg2 Bb7 6. O-O Be7 7. Re1 d6 8. e4 a6 9. d4 cxd4 10. Nxd4 Qc7 11. Be3 O-O 12. g4 Qxc4 13. Rc1 Qc8 14. g5 Ne8 15. Nd5 Qd8 16. Nxe7+ Qxe7 17. a4 g6 18. Qb3 e5 19. Qxb6 exd4 20. Bxd4 a5 21. Re3 Ra6 22. Qb5 Nc6 23. Bf6 Nxf6 24. gxf6 Qxf6 25. Qxb7 Nb4 26. Rc7 Qd4 27. Bf1 Raa8 28. Rxf7 Rxf7 29. Qxa8+ Kg7 30. Qxa5 d5 31. Qb5 Qf6 32. Qe2 Nc6 33. Bg2 Nd4 34. Qd2 dxe4 35. Rxe4 Rd7 36. Qc3 h5 37. a5 Kh7 38. h3 h4 39. Kh1 Qxf2 40. Qe1 Qxe1+ 41. Rxe1 Nb3 42. a6 Ra7 43. Re3 Nc5 44. b4 Nxa6 45. Ra3 {Source: bulletin; CHESS, January 1983, Vol.47/891-2, p241; Informator 35/48} 1-0

[Event "58th Hastings it"]
[Site "Hastings ENG"]
[Date "1983.01.10"]
[Round "12"]
[White "Gurevich, Dmitry"]
[WhiteTitle "IM"]
[WhiteElo "2510"]
[Black "Henley, Ron"]
[BlackTitle "IM"]
[BlackElo "2525"]
[Result "1/2-1/2"]
[PlyCount "90"]
[EventDate "1982.12.28"]

1. d4 Nf6 2. c4 g6 3. Nc3 d5 4. Nf3 Bg7 5. Bf4 O-O 6. Rc1 c5 7. dxc5 Be6 8. Nd4 Nc6 9. e3 Nxd4 10. exd4 dxc4 11. Be2 Rc8 12. O-O b6 13. Be3 bxc5 14. dxc5 Nd7 15. Nb5 Qa5 16. Nd4 Nxc5 17. Bxc4 Bxc4 18. Rxc4 Qa6 19. Rc3 Rfd8 20. Qc2 Bxd4 21. Bxd4 Rxd4 22. Rxc5 Rcd8 23. Qb3 Rd2 24. h4 Qe2 25. Qc3 Rxb2 26. Re5 Qc2 27. Qxc2 Rxc2 28. Rxe7 Rxa2 29. h5 Kg7 30. hxg6 hxg6 31. g3 Rd5 32. Kg2 Kf6 33. Rb7 g5 34. Rb3 Rd7 35. Rc1 Ra6 36. Rc5 Kg6 37. Rc2 Rf6 38. Ra3 a6 39. Ra5 Re6 40. Rca2 Ra7 41. R2a3 Kh6 42. R3a4 Rg6 43. Kf3 Rf6+ 44. Kg2 Kg6 45. Ra2 Rb6 1/2-1/2

[Event "58th Hastings it"]
[Site "Hastings ENG"]
[Date "1983.01.10"]
[Round "12"]
[White "Kovacevic, Vlatko"]
[WhiteTitle "GM"]
[WhiteElo "2560"]
[Black "Plaskett, Harold James"]
[BlackTitle "IM"]
[BlackElo "2430"]
[Result "1-0"]
[PlyCount "63"]
[EventDate "1982.12.28"]

1. d4 d6 2. Nf3 g6 3. e4 Bg7 4. Bc4 e6 5. Bb3 Ne7 6. c3 b6 7. O-O O-O 8. Re1 c5 9. a4 Ba6 10. Na3 Qd7 11. Nc4 cxd4 12. Nxd4 d5 13. exd5 Nxd5 14. Ne5 Qd6 15. Ng4 Bb7 16. Qf3 Bxd4 17. cxd4 f5 18. Ne5 Nc6 19. Nxc6 Bxc6 20. Bh6 Rfe8 21. h3 Nf6 22. Qd3 Bd5 23. Rac1 Bxb3 24. Qxb3 Nd5 25. Re5 Rac8 26. Rce1 Kf7 27. g4 Qb4 28. Qd1 f4 29. Qe2 Qxa4 30. Rxe6 Qd7 31. Qe5 Rg8 32. Rd6 1-0

[Event "58th Hastings it"]
[Site "Hastings ENG"]
[Date "1983.01.10"]
[Round "12"]
[White "Lein, Anatoly"]
[WhiteTitle "GM"]
[WhiteElo "2480"]
[Black "Short, Nigel David"]
[BlackTitle "IM"]
[BlackElo "2485"]
[Result "0-1"]
[PlyCount "72"]
[EventDate "1982.12.28"]

1. d4 Nf6 2. Bg5 e6 3. Nd2 h6 4. Bxf6 Qxf6 5. c3 g6 6. g3 Bg7 7. Bg2 O-O 8. Ngf3 d6 9. O-O Qe7 10. e4 Nd7 11. Re1 b6 12. a4 a6 13. b4 Bb7 14. Qb3 Rfc8 15. Rad1 Rab8 16. h4 h5 17. Bh3 Rd8 18. Ng5 Nf8 19. f4 c5 20. Ndf3 d5 21. Ne5 Bxe5 22. fxe5 Nh7 23. Nxh7 Kxh7 24. exd5 Rxd5 25. Rf1 cxd4 26. cxd4 Rdd8 27. Rf4 Rf8 28. Rdf1 Kg7 29. Qe3 Rbd8 30. Qf2 Bc6 31. Rf6 Bd5 32. Qf4 Rd7 33. g4 hxg4 34. Bxg4 Bc4 35. Rf2 Qxb4 36. h5 Qa3 {time} 0-1

[Event "58th Hastings it"]
[Site "Hastings ENG"]
[Date "1983.01.10"]
[Round "12"]
[White "Littlewood, Paul Edwin"]
[WhiteTitle "IM"]
[WhiteElo "2465"]
[Black "Farago, Ivan"]
[BlackTitle "GM"]
[BlackElo "2490"]
[Result "1/2-1/2"]
[PlyCount "64"]
[EventDate "1982.12.28"]

1. d4 Nf6 2. c4 e6 3. Nf3 b6 4. e3 Bb7 5. Bd3 Be7 6. Nc3 c5 7. O-O cxd4 8. exd4 d5 9. Qe2 O-O 10. cxd5 exd5 11. Re1 Nc6 12. Bg5 Re8 13. a3 h6 14. Bh4 Nh5 15. Bxe7 Rxe7 16. Qd2 Nf6 17. Rxe7 Nxe7 18. Re1 Nc8 19. Ne5 Nd6 20. Qf4 Rc8 21. f3 Nh5 22. Qg4 Qg5 23. Qxg5 hxg5 24. Nb5 Nxb5 25. Bxb5 Nf6 26. Nd7 Nxd7 27. Bxd7 Rd8 28. Bf5 Bc8 29. Bd3 Be6 30. Re5 Rc8 31. Kf2 Rc1 32. Re1 Rxe1 1/2-1/2

[Event "58th Hastings it"]
[Site "Hastings ENG"]
[Date "1983.01.10"]
[Round "12"]
[White "Murey, Yaacov"]
[WhiteTitle "IM"]
[WhiteElo "2500"]
[Black "Mestel, Andrew Jonathan"]
[BlackTitle "IM"]
[BlackElo "2540"]
[Result "0-1"]
[PlyCount "92"]
[EventDate "1982.12.28"]

1. e4 c5 2. Nf3 d6 3. d4 cxd4 4. Nxd4 Nf6 5. Nc3 g6 6. Be3 Bg7 7. f3 Nc6 8. Bc4 O-O 9. Qd2 Bd7 10. O-O-O Ne5 11. Bb3 Rc8 12. h4 h5 13. Kb1 Nc4 14. Bxc4 Rxc4 15. b3 Rc8 16. Nd5 Nxd5 17. exd5 b5 18. g4 Rc5 19. Ne6 Rxd5 20. Nxd8 Rxd2 21. Rxd2 hxg4 22. Nb7 Bc6 23. Nxd6 exd6 24. Rxd6 Bxf3 25. Rf1 Re8 26. Bd4 Bxd4 27. Rxd4 f5 28. Kb2 Kg7 29. a4 a6 30. axb5 axb5 31. Ra1 Kh6 32. Rd7 Be4 33. Rg1 f4 34. c4 bxc4 35. bxc4 g3 36. Rf7 Bf5 37. c5 Rc8 38. Kc3 Rxc5+ 39. Kd4 Ra5 40. Rf8 Kh5 41. Rh8+ Kg4 42. h5 Ra4+ 43. Ke5 Re4+ 44. Kd5 gxh5 45. Rg8+ Kf3 46. Rf1+ Kg2 {Source: CHESS, January 1983, Vol.47/891-2, p242} 0-1

[Event "58th Hastings it"]
[Site "Hastings ENG"]
[Date "1983.01.12"]
[Round "13"]
[White "Ftacnik, Lubomir"]
[WhiteTitle "GM"]
[WhiteElo "2535"]
[Black "Lein, Anatoly"]
[BlackTitle "GM"]
[BlackElo "2480"]
[Result "1-0"]
[PlyCount "89"]
[EventDate "1982.12.28"]

1. Nf3 d5 2. d4 Nf6 3. c4 e6 4. Nc3 c5 5. cxd5 exd5 6. g3 Nc6 7. Bg2 Be7 8. O-O O-O 9. dxc5 Bxc5 10. Bg5 d4 11. Bxf6 Qxf6 12. Nd5 Qd8 13. Nd2 Re8 14. Nb3 Bb6 15. Rc1 Bg4 16. Re1 Re5 17. Nf4 Qe8 18. h3 Bf5 19. Nd3 Re6 20. Ndc5 Rh6 21. g4 Be6 22. Nxb7 Bxb3 23. Qxb3 Rb8 24. Qb5 Na5 25. Qxe8+ Rxe8 26. Nc5 Nc6 27. Bxc6 Rxc6 28. Nd7 Rd6 29. Nxb6 Rxb6 30. b3 h5 31. Rc4 hxg4 32. hxg4 Ra6 33. a4 Re4 34. f3 Re3 35. Rxd4 Rxb3 36. Rc1 Ra3 37. Rc8+ Kh7 38. Rc7 Kg6 39. Rdd7 Re6 40. Kf2 Ra2 41. Kg3 Rf6 42. e3 Rxa4 43. f4 Re4 44. Kf3 Re8 45. g5 1-0

[Event "58th Hastings it"]
[Site "Hastings ENG"]
[Date "1983.01.12"]
[Round "13"]
[White "Henley, Ron"]
[WhiteTitle "IM"]
[WhiteElo "2525"]
[Black "Hebden, Mark"]
[BlackElo "2415"]
[Result "1-0"]
[PlyCount "77"]
[EventDate "1982.12.28"]

1. d4 Nf6 2. Nf3 c5 3. d5 g6 4. c4 b5 5. cxb5 a6 6. e3 Bg7 7. Nc3 O-O 8. a4 e6 9. dxe6 fxe6 10. Qd6 axb5 11. Bxb5 Na6 12. e4 Qc7 13. Qg3 Qxg3 14. hxg3 Nc7 15. Be2 Bb7 16. Bf4 Na6 17. Bd6 Rfc8 18. Nd2 Nb4 19. O-O Ne8 20. Bf4 d5 21. Bg4 e5 22. Bg5 d4 23. Be6+ Kh8 24. Bxc8 Rxc8 25. Nb5 h6 26. Be7 Kg8 27. f4 d3 28. fxe5 Nc6 29. Bxc5 Nxe5 30. Rac1 Ba6 31. Nd6 Nxd6 32. Bxd6 Rc2 33. Rxc2 dxc2 34. Rc1 Bd3 35. b4 Ng4 36. Bc5 Bb2 37. Nb3 Nf6 38. Bd4 Bxc1 39. Nxc1 1-0

[Event "58th Hastings it"]
[Site "Hastings ENG"]
[Date "1983.01.12"]
[Round "13"]
[White "Mestel, Andrew Jonathan"]
[WhiteTitle "IM"]
[WhiteElo "2540"]
[Black "Gurevich, Dmitry"]
[BlackTitle "IM"]
[BlackElo "2510"]
[Result "1/2-1/2"]
[PlyCount "90"]
[EventDate "1982.12.28"]

1. Nf3 Nf6 2. c4 c5 3. Nc3 e6 4. e3 d5 5. d4 Nc6 6. dxc5 Bxc5 7. a3 a5 8. Qc2 Qe7 9. Be2 O-O 10. O-O Rd8 11. Rd1 h6 12. Bd2 dxc4 13. Bxc4 e5 14. Ne4 Bf5 15. Bxf7+ Kxf7 16. Qc4+ Be6 17. Neg5+ hxg5 18. Nxg5+ Kg6 19. Nxe6 Rd5 20. e4 b5 21. Qb3 Bxf2+ 22. Kxf2 Nxe4+ 23. Kg1 Qxe6 24. Qc2 Rd4 25. Bc3 Rc4 26. Re1 Qg4 27. a4 Rf8 28. h3 Nb4 29. Qb1 Qf5 30. Bxb4 axb4 31. Qd3 Rd4 32. Qxb5 Kh7 33. Rf1 Nf2 34. Rae1 Rf4 35. Rxe5 Qg6 36. Rh5+ Kg8 37. Ra1 Ne4 38. Re5 Ng3 39. Rg5 Ne2+ 40. Kh2 Qe6 41. Re5 Qd6 42. Qxe2 R4f5 43. Re1 Re8 44. Qc4+ Rf7 45. Qb5 Rfe7 {Source: CHESS, January 1983, Vol.47/891-2, p243; Informator 36/500} 1/2-1/2

[Event "58th Hastings it"]
[Site "Hastings ENG"]
[Date "1983.01.12"]
[Round "13"]
[White "Plaskett, Harold James"]
[WhiteTitle "IM"]
[WhiteElo "2430"]
[Black "Murey, Yaacov"]
[BlackTitle "IM"]
[BlackElo "2500"]
[Result "0-1"]
[PlyCount "108"]
[EventDate "1982.12.28"]

1. b3 f5 2. Bb2 Nf6 3. Nf3 e6 4. g3 b6 5. Bg2 Bb7 6. O-O Be7 7. c4 O-O 8. Nc3 c5 9. d4 cxd4 10. Qxd4 Qe8 11. Rad1 Nc6 12. Qd3 Qh5 13. a3 Rad8 14. Nd5 Ne4 15. Nxe7+ Nxe7 16. b4 d6 17. Nd2 Nxd2 18. Rxd2 Bxg2 19. Kxg2 f4 20. Qe4 Qh6 21. Rfd1 d5 22. Qe5 fxg3 23. hxg3 Nc6 24. Qe3 Qxe3 25. fxe3 dxc4 26. b5 Rxd2 27. Rxd2 Ne7 28. e4 Rc8 29. Bc3 Rc7 30. Be5 Rb7 31. Rc2 Ng6 32. Bd6 Rd7 33. e5 Ne7 34. Rxc4 Nf5 35. Rc8+ Kf7 36. Rf8+ Kg6 37. Bb4 Nd4 38. e4 Nxb5 39. Re8 Nc7 40. Rc8 a5 41. Bd6 Nb5 42. Rc6 Rb7 43. Rc8 h6 44. Kf3 Rd7 45. Re8 Nxd6 46. Rxe6+ Kf7 47. Rxd6 Rxd6 48. exd6 Ke6 49. e5 a4 50. Ke4 h5 51. Kf4 b5 52. Kg5 b4 53. Kg6 bxa3 54. d7 Kxd7 0-1

[Event "58th Hastings it"]
[Site "Hastings ENG"]
[Date "1983.01.12"]
[Round "13"]
[White "Short, Nigel David"]
[WhiteTitle "IM"]
[WhiteElo "2485"]
[Black "Kovacevic, Vlatko"]
[BlackTitle "GM"]
[BlackElo "2560"]
[Result "0-1"]
[PlyCount "112"]
[EventDate "1982.12.28"]

1. e4 Nf6 2. e5 Nd5 3. Nf3 d6 4. d4 Bg4 5. Be2 c6 6. Ng5 Bxe2 7. Qxe2 dxe5 8. dxe5 e6 9. O-O Nd7 10. Re1 Be7 11. Nf3 O-O 12. c4 N5b6 13. Nc3 Qc7 14. Bg5 Bb4 15. Rac1 h6 16. Bh4 Rfe8 17. a3 Bxc3 18. Rxc3 Nf8 19. g4 c5 20. Bg3 Nc8 21. h4 Ne7 22. h5 Rad8 23. Qe3 Rd7 24. Nd2 Red8 25. Ne4 Rd1 26. Rxd1 Rxd1+ 27. Kh2 Qc6 28. Rd3 Rxd3 29. Qxd3 b6 30. Bh4 Qc7 31. f4 Nc6 32. Bg3 Qd7 33. Nd6 Nh7 34. Qe4 f6 35. Bh4 fxe5 36. fxe5 Nd4 37. b4 Qa4 38. Qg6 cxb4 39. Bf2 Nf3+ 40. Kg2 Nfg5 41. axb4 Qb3 42. Kf1 Qd1+ 43. Be1 Nf8 44. Qe8 Qf3+ 45. Kg1 Nh3+ 46. Kh2 Nf4 47. Qf7+ Kh7 48. Qb7 Qh3+ 49. Kg1 Qxg4+ 50. Kh1 Qxh5+ 51. Kg1 Qg4+ 52. Kh1 Qh3+ 53. Kg1 Qe3+ 54. Bf2 Nh3+ 55. Kg2 Nxf2 56. Ne8 Qe4+ 0-1

[Event "58th Hastings it"]
[Site "Hastings ENG"]
[Date "1983.01.12"]
[Round "13"]
[White "Vaganian, Rafael"]
[WhiteTitle "GM"]
[WhiteElo "2550"]
[Black "Littlewood, Paul Edwin"]
[BlackTitle "IM"]
[BlackElo "2465"]
[Result "1-0"]
[PlyCount "84"]
[EventDate "1982.12.28"]

1. d4 Nf6 2. c4 e6 3. Nf3 c5 4. e3 d5 5. Nc3 Nc6 6. a3 a6 7. b3 Be7 8. Be2 O-O 9. dxc5 Bxc5 10. cxd5 exd5 11. Bb2 Ba7 12. O-O Qd6 13. Qd3 Be6 14. Rad1 Rad8 15. Qc2 Rfe8 16. Ng5 h6 17. Nxe6 Qxe6 18. Kh1 Bb8 19. Na4 Ne4 20. Bd3 Qg6 21. f4 Qh5 22. Rf3 Ne7 23. Rg1 Rc8 24. g4 Qg6 25. Nc3 Qc6 26. Bxe4 dxe4 27. Qxe4 Qxe4 28. Nxe4 Nd5 29. Rd1 Rc2 30. Rxd5 Rxb2 31. Nd2 Rc8 32. Kg2 Ba7 33. e4 Rc1 34. Rfd3 Rg1+ 35. Kf3 Rh1 36. Kg2 Rg1+ 37. Kh3 Re1 38. Rd7 Re3+ 39. Kg2 Re2+ 40. Kg3 Be3 $2 41. Nc4 Bf2+ 42. Kf3 Ra2 {(sealed) Source: (moves 40-end) BCM, March 1983, p87} 1-0